Quiz logo de times de Futebol - Statistics

Estatísticas Gerais
  • Esse quiz foi jogado 1 438 vezes
  • A pontuação média é 28 de 32
Estatísticas das Respostas
Imagem Resposta % Correto
Barcelona
99%
Real Madrid
98%
Flamengo
96%
Liverpool
96%
PSG
96%
Juventus
95%
Chelsea
94%
Manchester United
94%
Vasco da Gama
94%
Corinthians
93%
Grêmio
93%
Palmeiras
93%
São Paulo
93%
Bayern München
92%
Arsenal
91%
Botafogo
91%
Roma
90%
Santos
90%
Atlético-MG
89%
Benfica
89%
Fluminense
88%
Tottenham
87%
Bahia
85%
Celtic
83%
Everton
82%
Valencia
81%
Olympique Lyonnais
80%
Monaco
79%
Leicester
76%
Galatasaray
71%
Rangers
67%
Olympique de Marseille
66%
Nenhum quiz correspondente encontrado
Distribuição das Pontuações
Porcentagem de Pessoas com Cada Pontuação
Percentil de Números Respondidos
Sua Pontuação Histórica
Você não jogou esse quiz